[Event "IND-ch Senior Open 2019"]
[Site "Mazitar"]
[Date "2019.12.10"]
[Round "1.11"]
[White "Anurag, Mhamal"]
[Black "Bidhar, Rutumbara"]
[Result "1-0"]
[WhiteElo "2490"]
[BlackElo "1939"]
[Annotator "ChessBase"]
[PlyCount "105"]
[EventDate "2018.12.08"]
[EventType "swiss"]
[EventRounds "11"]
[EventCountry "IND"]
[SourceTitle "playchess.com"]
[Source "ChessBase"]
[SourceQuality "1"]
[TimeControl "40/5400+30:1800+30"]

1. Nf3 {[%emt 0:00:00]} Nf6 {[%emt 0:00:01]} 2. g3 {[%emt 0:00:02]} b6 {[%emt 0:00:00]} 3. Bg2 {[%emt 0:00:02]} Bb7 {[%emt 0:00:01]} 4. d3 {[%emt 0:00:02]} d6 {[%emt 0:00:00]} 5. e4 {[%emt 0:00:03]} g6 {[%emt 0:00:01]} 6. O-O {[%emt 0:00:02]} Bg7 {[%emt 0:00:00]} 7. Nh4 {[%emt 0:00:01]} O-O {[%emt 0:00:01]} 8. e5 {[%emt 0:00:03]} Bxg2 {[%emt 0:00:05]} 9. exf6 {[%emt 0:00:04]} Bxf1 {[%emt 0:00:13]} 10. fxg7 {[%emt 0:00:01]} Kxg7 {[%emt 0:00:03]} 11. Qxf1 {[%emt 0:00:01]} e5 {[%emt 0:00:02]} 12. Nc3 {[%emt 0:00:01]} Nd7 {[%emt 0:00:03]} 13. Qh3 {[%emt 0:00:02]} Kg8 {[%emt 0:00:03]} 14. Bh6 {[%emt 0:55:28]} Re8 {[%emt 0:00:01]} 15. Re1 {[%emt 0:00:03]} Nc5 {[%emt 0:00:02]} 16. Nf3 {[%emt 0:00:02]} f6 {[%emt 0:00:01]} 17. Qh4 {[%emt 0:00:02]} d5 {[%emt 0:00:02]} 18. d4 {[%emt 0:00:02]} e4 {[%emt 0:00:00]} 19. dxc5 {[%emt 0:00:03]} exf3 {[%emt 0:00:02]} 20. Rxe8+ {[%emt 0:00:03]} Qxe8 {[%emt 0:00:00]} 21. Bd2 {[%emt 0:00:03]} Qe5 {[%emt 0:00:05]} 22. Qg4 {[%emt 0:00:03]} bxc5 {[%emt 0:00:03]} 23. Qxf3 {[%emt 0:00:02]} c6 {[%emt 0:00:02]} 24. Na4 {[%emt 0:00:13]} Qd4 {[%emt 0:00:01]} 25. Qe3 {[%emt 0:00:02]} Qxe3 {[%emt 0:00:01]} 26. fxe3 {[%emt 0:00:01]} c4 27. Bc3 {[%emt 0:00:02]} Kf7 {[%emt 0:00:31]} 28. Nc5 {[%emt 0:00:02]} Ke7 {[%emt 0:00:03]} 29. Bd4 {[%emt 0:00:03]} Kd6 {[%emt 0:00:02]} 30. Na6 {[%emt 0:00:02]} f5 {[%emt 0:00:02]} 31. Kf2 {[%emt 0:00:02]} g5 {[%emt 0:00:02]} 32. Kf3 {[%emt 0:00:02]} Rc8 {[%emt 0:00:02]} 33. Bc5+ {[%emt 0:00:05]} Ke5 {[%emt 0:00:04]} 34. a4 {[%emt 0:00:02]} g4+ {[%emt 0:00:02]} 35. Ke2 {[%emt 0:00:02]} h5 {[%emt 0:00:04]} 36. Bxa7 {[%emt 0:00:02]} Kd6 {[%emt 0:00:09]} 37. Bc5+ {[%emt 0:00:01]} Kd7 {[%emt 0:00:09]} 38. Bb6 {[%emt 0:00:01]} c5 {[%emt 0:00:02]} 39. Nxc5+ {[%emt 0:00:02]} Kc6 {[%emt 0:00:01]} 40. a5 {[%emt 0:00:03]} h4 {[%emt 0:00:01]} 41. Ne6 {[%emt 0:30:13]} hxg3 {[%emt 0:30:04]} 42. hxg3 {[%emt 0:00:02]} Rh8 {[%emt 0:00:01]} 43. Nd4+ {[%emt 0:00:03]} Kb7 {[%emt 0:00:17]} 44. Nxf5 {[%emt 0:00:01]} Rh2+ {[%emt 0:00:13]} 45. Kd1 {[%emt 0:00:02]} Rf2 {[%emt 0:00:04]} 46. Nh6 {[%emt 0:00:02]} Rf3 {[%emt 0:00:02]} 47. Nxg4 {[%emt 0:00:03]} Rxg3 {[%emt 0:00:02]} 48. Nf6 {[%emt 0:00:03]} Rg5 {[%emt 0:00:00]} 49. Kd2 {[%emt 0:00:03]} Rf5 {[%emt 0:00:03]} 50. Nd7 {[%emt 0:00:02]} Kc6 {[%emt 0:00:04]} 51. Nc5 {[%emt 0:00:01]} Rf2+ {[%emt 0:00:02]} 52. Kc3 {[%emt 0:00:01]} Re2 {[%emt 0:00:02]} 53. Na6 {[%emt 0:00:03]} 1-0

[Event "IND-ch Senior Open 2019"]
[Site "Mazitar"]
[Date "2019.12.10"]
[Round "1.12"]
[White "Rathore, S.K."]
[Black "Vignesh N R"]
[Result "0-1"]
[WhiteElo "1939"]
[BlackElo "2475"]
[Annotator "ChessBase"]
[PlyCount "60"]
[EventDate "2018.12.08"]
[EventType "swiss"]
[EventRounds "11"]
[EventCountry "IND"]
[SourceTitle "playchess.com"]
[Source "ChessBase"]
[SourceQuality "1"]
[TimeControl "40/5400+30:1800+30"]

1. e4 {[%emt 0:00:00]} c5 {[%emt 0:00:00]} 2. Nc3 {[%emt 0:00:02]} d6 {[%emt 0:00:00]} 3. g3 {[%emt 0:00:01]} Nc6 {[%emt 0:00:00]} 4. Bg2 {[%emt 0:00:01]} g6 {[%emt 0:00:02]} 5. Nge2 {[%emt 0:00:02]} Bg7 {[%emt 0:00:01]} 6. O-O {[%emt 0:00:02]} e6 {[%emt 0:00:01]} 7. d3 {[%emt 0:00:02]} Nge7 {[%emt 0:00:01]} 8. Be3 {[%emt 0:00:02]} Nd4 {[%emt 0:00:01]} 9. Qd2 {[%emt 0:00:02]} O-O {[%emt 0:00:00]} 10. Nd1 {[%emt 0:00:01]} d5 {[%emt 0:00:01]} 11. c3 {[%emt 0:00:01]} Nxe2+ {[%emt 0:00:00]} 12. Qxe2 {[%emt 0:00:01]} d4 {[%emt 0:00:01]} 13. cxd4 {[%emt 0:00:02]} cxd4 {[%emt 0:00:00]} 14. Bd2 {[%emt 0:00:02]} e5 {[%emt 0:00:03]} 15. f4 {[%emt 0:00:01]} Be6 {[%emt 0:00:05]} 16. fxe5 {[%emt 0:00:02]} Nc6 {[%emt 0:00:01]} 17. Nf2 {[%emt 0:00:04]} Nxe5 {[%emt 0:00:01]} 18. Bh3 {[%emt 0:00:01]} Bxh3 {[%emt 0:00:01]} 19. Nxh3 {[%emt 0:00:01]} Qd7 {[%emt 0:00:01]} 20. Nf4 {[%emt 0:00:02]} f5 {[%emt 0:00:00]} 21. Bb4 {[%emt 0:00:06]} Rf7 {[%emt 0:00:02]} 22. Rac1 {[%emt 0:00:02]} Re8 {[%emt 0:00:02]} 23. Ba3 {[%emt 0:00:09]} Ng4 {[%emt 0:00:02]} 24. Nd5 {[%emt 0:00:06]} Bh6 {[%emt 0:00:02]} 25. Rc4 {[%emt 0:00:01]} Ne3 {[%emt 0:00:05]} 26. Nxe3 {[%emt 0:00:47]} Bxe3+ {[%emt 0:00:01]} 27. Kg2 {[%emt 0:00:02]} fxe4 {[%emt 0:00:01]} 28. dxe4 {[%emt 0:00:02]} Rxf1 {[%emt 0:00:02]} 29. Qxf1 {[%emt 0:00:06]} Qe6 {[%emt 0:00:02]} 30. e5 {[%emt 0:00:03]} Qd5+ {[%emt 0:00:05]} 0-1

[Event "IND-ch Senior Open 2019"]
[Site "Mazitar"]
[Date "2019.12.10"]
[Round "1.13"]
[White "Kunte, Abhijit"]
[Black "Gurung Rohit"]
[Result "1-0"]
[WhiteElo "2467"]
[BlackElo "1917"]
[Annotator "ChessBase"]
[PlyCount "53"]
[EventDate "2018.12.08"]
[EventType "swiss"]
[EventRounds "11"]
[EventCountry "IND"]
[SourceTitle "playchess.com"]
[Source "ChessBase"]
[SourceQuality "1"]
[TimeControl "40/5400+30:1800+30"]

1. d4 {[%emt 0:00:00]} d5 {[%emt 0:00:03]} 2. c4 {[%emt 0:00:01]} e6 {[%emt 0:00:00]} 3. Nf3 {[%emt 0:00:07]} Nf6 {[%emt 0:00:02]} 4. g3 {[%emt 0:00:02]} Be7 {[%emt 0:00:01]} 5. Bg2 {[%emt 0:00:12]} O-O {[%emt 0:00:01]} 6. O-O {[%emt 0:00:04]} dxc4 {[%emt 0:00:01]} 7. Qc2 {[%emt 0:00:02]} b5 {[%emt 0:00:02]} 8. a4 {[%emt 0:00:02]} b4 {[%emt 0:00:00]} 9. Nbd2 {[%emt 0:00:02]} c6 {[%emt 0:00:00]} 10. Nxc4 {[%emt 0:00:02]} Ba6 {[%emt 0:00:02]} 11. Rd1 {[%emt 0:00:06]} Nd5 {[%emt 0:00:20]} 12. e4 {[%emt 0:00:02]} Nb6 {[%emt 0:00:01]} 13. Na5 {[%emt 0:00:02]} Qc8 {[%emt 0:00:41]} 14. Be3 {[%emt 0:00:05]} Rd8 {[%emt 0:00:19]} 15. Nd2 {[%emt 0:00:12]} Be2 {[%emt 0:00:04]} 16. Rdc1 {[%emt 0:00:02]} Qa6 {[%emt 0:00:02]} 17. Ndc4 {[%emt 0:00:15]} Nxc4 {[%emt 0:00:00]} 18. Nxc4 {[%emt 0:00:04]} Bh5 {[%emt 0:00:01]} 19. Bf1 {[%emt 0:00:03]} Rc8 {[%emt 0:00:16]} 20. Nd6 {[%emt 0:00:13]} Qxf1+ {[%emt 0:00:12]} 21. Rxf1 {[%emt 0:00:27]} Bxd6 {[%emt 0:00:01]} 22. Kg2 {[%emt 0:00:03]} Nd7 {[%emt 0:00:04]} 23. a5 {[%emt 0:00:02]} Bg6 {[%emt 0:00:03]} 24. f3 {[%emt 0:00:02]} f5 {[%emt 0:00:00]} 25. e5 {[%emt 0:00:06]} Be7 {[%emt 0:00:00]} 26. Qc4 {[%emt 0:00:03]} Nf8 {[%emt 0:00:04]} 27. Qa6 {[%emt 0:00:02]} 1-0

[Event "IND-ch Senior Open 2019"]
[Site "Mazitar"]
[Date "2019.12.10"]
[Round "1.14"]
[White "Aaditya Dhingra"]
[Black "Das, Arghyadip"]
[Result "0-1"]
[WhiteElo "1912"]
[BlackElo "2459"]
[Annotator "ChessBase"]
[PlyCount "70"]
[EventDate "2018.12.08"]
[EventType "swiss"]
[EventRounds "11"]
[EventCountry "IND"]
[SourceTitle "playchess.com"]
[Source "ChessBase"]
[SourceQuality "1"]
[TimeControl "40/5400+30:1800+30"]

1. e4 {[%emt 0:00:00]} c5 {[%emt 0:00:00]} 2. Nf3 {[%emt 0:00:01]} e6 {[%emt 0:00:00]} 3. d4 {[%emt 0:00:01]} cxd4 {[%emt 0:00:00]} 4. Nxd4 {[%emt 0:00:02]} Qb6 {[%emt 0:00:01]} 5. Nb3 {[%emt 0:00:09]} Qc7 {[%emt 0:00:02]} 6. Bd3 {[%emt 0:00:02]} Nf6 {[%emt 0:00:01]} 7. O-O {[%emt 0:00:01]} a6 {[%emt 0:00:00]} 8. c4 {[%emt 0:00:01]} d6 {[%emt 0:00:01]} 9. Nc3 {[%emt 0:00:01]} b6 {[%emt 0:00:01]} 10. Be3 {[%emt 0:00:01]} Nbd7 {[%emt 0:00:02]} 11. f4 {[%emt 0:00:01]} Be7 {[%emt 0:00:00]} 12. Qe2 {[%emt 0:00:03]} Bb7 {[%emt 0:00:01]} 13. Rae1 {[%emt 0:00:02]} O-O {[%emt 0:00:02]} 14. Bd4 {[%emt 0:00:02]} g6 {[%emt 0:00:01]} 15. Nd2 {[%emt 0:00:02]} Rfe8 {[%emt 0:00:01]} 16. Nf3 {[%emt 0:00:02]} Bf8 {[%emt 0:00:00]} 17. e5 {[%emt 0:00:01]} Nh5 {[%emt 0:00:00]} 18. Ng5 {[%emt 0:00:01]} Ng7 {[%emt 0:00:01]} 19. Nce4 {[%emt 0:00:02]} Nf5 {[%emt 0:00:02]} 20. Bc3 {[%emt 0:00:02]} d5 {[%emt 0:00:01]} 21. Nf6+ {[%emt 0:00:02]} Nxf6 {[%emt 0:00:00]} 22. exf6 {[%emt 0:00:00]} dxc4 {[%emt 0:00:03]} 23. Bxc4 {[%emt 0:00:01]} Bc5+ {[%emt 0:00:00]} 24. Kh1 {[%emt 0:00:01]} Ne3 {[%emt 0:00:01]} 25. Rf2 {[%emt 0:00:01]} Nxc4 {[%emt 0:00:00]} 26. Qxc4 {[%emt 0:00:01]} b5 {[%emt 0:00:00]} 27. Qe2 {[%emt 0:00:01]} h6 {[%emt 0:00:00]} 28. Nh3 {[%emt 0:00:01]} Bxf2 {[%emt 0:00:02]} 29. Qxf2 {[%emt 0:00:02]} Qc6 {[%emt 0:00:00]} 30. Rg1 {[%emt 0:00:02]} Qd5 {[%emt 0:00:00]} 31. Be5 {[%emt 0:00:03]} Rac8 {[%emt 0:00:04]} 32. Qh4 {[%emt 0:00:00]} Rc1 {[%emt 0:00:05]} 33. Qg3 {[%emt 0:00:03]} Rec8 {[%emt 0:00:02]} 34. Bc3 {[%emt 0:00:01]} Rxg1+ {[%emt 0:00:03]} 35. Nxg1 {[%emt 0:00:01]} b4 0-1

[Event "IND-ch Senior Open 2019"]
[Site "Mazitar"]
[Date "2019.12.10"]
[Round "1.15"]
[White "Krishna C R G"]
[Black "Sharan, Rao"]
[Result "1/2-1/2"]
[WhiteElo "2459"]
[BlackElo "1912"]
[Annotator "ChessBase"]
[PlyCount "79"]
[EventDate "2018.12.08"]
[EventType "swiss"]
[EventRounds "11"]
[EventCountry "IND"]
[SourceTitle "playchess.com"]
[Source "ChessBase"]
[SourceQuality "1"]
[TimeControl "40/5400+30:1800+30"]

1. Nf3 {[%emt 0:00:00]} Nf6 {[%emt 0:00:00]} 2. c4 {[%emt 0:00:01]} e6 {[%emt 0:00:00]} 3. g3 {[%emt 0:00:01]} b6 {[%emt 0:00:00]} 4. Bg2 {[%emt 0:00:02]} Bb7 {[%emt 0:00:00]} 5. O-O {[%emt 0:00:01]} Be7 {[%emt 0:00:00]} 6. b3 {[%emt 0:00:02]} O-O {[%emt 0:00:04]} 7. Bb2 {[%emt 0:00:00]} c5 {[%emt 0:00:02]} 8. e3 {[%emt 0:00:00]} d5 {[%emt 0:00:02]} 9. Qe2 {[%emt 0:00:04]} dxc4 {[%emt 0:00:00]} 10. bxc4 {[%emt 0:00:02]} Nc6 {[%emt 0:00:00]} 11. Nc3 {[%emt 0:00:01]} Qd7 {[%emt 0:00:02]} 12. Rad1 {[%emt 0:00:02]} Rad8 {[%emt 0:00:00]} 13. d3 {[%emt 0:00:28]} Qc8 {[%emt 0:00:13]} 14. Ne1 {[%emt 0:00:09]} a6 15. f4 Qa8 {[%emt 0:01:55]} 16. Rd2 {[%emt 0:00:34]} Na7 {[%emt 0:00:03]} 17. f5 {[%emt 0:00:04]} exf5 {[%emt 0:00:01]} 18. Rxf5 {[%emt 0:00:03]} b5 {[%emt 0:00:01]} 19. e4 {[%emt 0:00:03]} g6 {[%emt 0:00:01]} 20. Rf1 {[%emt 0:00:03]} bxc4 {[%emt 0:00:01]} 21. dxc4 {[%emt 0:00:03]} Rxd2 {[%emt 0:00:01]} 22. Qxd2 {[%emt 0:00:03]} Nxe4 {[%emt 0:00:00]} 23. Qd7 {[%emt 0:00:08]} Nc8 {[%emt 0:00:01]} 24. Nd5 {[%emt 0:00:04]} Bxd5 {[%emt 0:00:01]} 25. cxd5 {[%emt 0:00:05]} Ned6 {[%emt 0:00:01]} 26. Qh3 {[%emt 0:00:11]} Re8 {[%emt 0:00:01]} 27. Nf3 {[%emt 0:00:09]} Bf8 {[%emt 0:00:01]} 28. Qh4 {[%emt 0:00:02]} Bg7 {[%emt 0:00:01]} 29. Bxg7 {[%emt 0:00:05]} Kxg7 {[%emt 0:00:00]} 30. Ne5 {[%emt 0:00:19]} Nf5 {[%emt 0:00:05]} 31. Rxf5 {[%emt 0:00:04]} gxf5 {[%emt 0:00:00]} 32. Qg5+ {[%emt 0:00:00]} Kh8 {[%emt 0:00:05]} 33. Qf6+ {[%emt 0:00:00]} Kg8 {[%emt 0:00:02]} 34. Qg5+ {[%emt 0:00:00]} Kh8 {[%emt 0:00:04]} 35. Qf6+ {[%emt 0:00:00]} Kg8 {[%emt 0:00:03]} 36. Qxf5 {[%emt 0:00:01]} Qa7 {[%emt 0:00:01]} 37. Qg5+ {[%emt 0:00:08]} Kh8 {[%emt 0:00:00]} 38. Qf6+ {[%emt 0:00:06]} Kg8 {[%emt 0:00:00]} 39. Qg5+ {[%emt 0:00:05]} Kh8 {[%emt 0:00:02]} 40. Qf6+ {[%emt 0:00:05]} 1/2-1/2

[Event "IND-ch Senior Open 2019"]
[Site "Mazitar"]
[Date "2019.12.10"]
[Round "1.16"]
[White "Keshav Kothari"]
[Black "Ravi, Teja S."]
[Result "1/2-1/2"]
[WhiteElo "1895"]
[BlackElo "2455"]
[Annotator "ChessBase"]
[PlyCount "126"]
[EventDate "2018.12.08"]
[EventType "swiss"]
[EventRounds "11"]
[EventCountry "IND"]
[SourceTitle "playchess.com"]
[Source "ChessBase"]
[SourceQuality "1"]
[TimeControl "40/5400+30:1800+30"]

1. d4 d5 2. c4 c6 3. Nf3 Nf6 4. e3 Bg4 5. Nc3 e6 6. h3 Bh5 7. g4 Bg6 8. Ne5 Nbd7 9. Nxg6 hxg6 10. Bd3 Bb4 11. Bd2 a5 12. cxd5 exd5 13. Kf1 Qe7 14. Kg2 Ne4 15. f3 Nxd2 16. Qxd2 Nf8 17. Rae1 Ne6 18. a3 Bd6 19. Ne2 g5 20. f4 Kf8 21. f5 Nc7 22. Ng3 Bxg3 23. Kxg3 Ne8 24. e4 dxe4 25. Bxe4 Rd8 26. Kg2 Qf6 27. Qxa5 Qxd4 28. Bf3 Rh6 29. Re2 Rhd6 30. Qb4 Qxb4 31. axb4 Nc7 32. h4 gxh4 33. Rxh4 Rh6 34. Rxh6 gxh6 35. Kg3 Rd4 36. Re4 Rd3 37. Re2 Nb5 38. Kf2 Nd4 39. Be4 Rb3 40. Rd2 Rxb4 41. Ke3 c5 42. f6 Ne6 43. Bf5 Rb6 44. Rh2 Nd4 45. Rxh6 Nxf5+ 46. gxf5 Kg8 47. Ke4 Rxb2 48. Rh3 Rb6 49. Kd5 c4 50. Rg3+ Kf8 51. Rh3 Ke8 52. Rh8+ Kd7 53. Rf8 c3 54. Rxf7+ Ke8 55. Rc7 Rc6 56. Rxb7 c2 57. Rb8+ Kf7 58. Rb7+ Kg8 59. Rb8+ Kh7 60. f7 c1=Q 61. Rh8+ Kxh8 62. f8=Q+ Kh7 63. Qf7+ Kh8 1/2-1/2

[Event "IND-ch Senior Open 2019"]
[Site "Mazitar"]
[Date "2019.12.10"]
[Round "1.17"]
[White "Shyaamnikhil P"]
[Black "Arora Honi"]
[Result "1-0"]
[WhiteElo "2455"]
[BlackElo "1889"]
[Annotator "ChessBase"]
[PlyCount "79"]
[EventDate "2018.12.08"]
[EventType "swiss"]
[EventRounds "11"]
[EventCountry "IND"]
[SourceTitle "playchess.com"]
[Source "ChessBase"]
[SourceQuality "1"]
[TimeControl "40/5400+30:1800+30"]

1. Nf3 {[%emt 0:00:00]} d5 {[%emt 0:00:02]} 2. g3 {[%emt 0:00:02]} Nf6 {[%emt 0:00:03]} 3. Bg2 {[%emt 0:00:01]} c6 {[%emt 0:00:04]} 4. O-O {[%emt 0:00:01]} Bg4 {[%emt 0:00:05]} 5. d3 {[%emt 0:00:01]} Nbd7 {[%emt 0:00:11]} 6. h3 {[%emt 0:00:01]} Bh5 {[%emt 0:00:07]} 7. Nbd2 {[%emt 0:00:01]} e5 {[%emt 0:00:04]} 8. e4 {[%emt 0:00:01]} Bd6 {[%emt 0:00:04]} 9. b3 {[%emt 0:00:01]} O-O {[%emt 0:00:04]} 10. Bb2 {[%emt 0:00:01]} Re8 {[%emt 0:00:04]} 11. Qc1 {[%emt 0:00:03]} Qc7 {[%emt 0:00:05]} 12. Re1 {[%emt 0:00:01]} Bg6 {[%emt 0:00:04]} 13. Nh4 {[%emt 0:00:01]} dxe4 {[%emt 0:00:04]} 14. dxe4 {[%emt 0:00:01]} b5 {[%emt 0:00:04]} 15. a4 {[%emt 0:00:03]} Bc5 {[%emt 0:00:16]} 16. Re2 {[%emt 0:00:03]} a6 {[%emt 0:00:04]} 17. Qe1 {[%emt 0:00:01]} Nf8 {[%emt 0:00:05]} 18. Ndf3 {[%emt 0:00:03]} N6d7 {[%emt 0:00:02]} 19. Rd2 {[%emt 0:00:01]} Rad8 {[%emt 0:00:05]} 20. Nxg6 {[%emt 0:00:06]} Nxg6 {[%emt 0:00:01]} 21. Bf1 {[%emt 0:00:13]} Nf6 {[%emt 0:00:02]} 22. Rxd8 {[%emt 0:00:06]} Rxd8 {[%emt 0:00:01]} 23. b4 {[%emt 0:00:04]} Bd6 {[%emt 0:00:01]} 24. c4 {[%emt 0:00:04]} Qb7 {[%emt 0:00:03]} 25. c5 {[%emt 0:00:03]} Bc7 {[%emt 0:00:04]} 26. axb5 {[%emt 0:00:02]} axb5 {[%emt 0:00:01]} 27. Ra3 {[%emt 0:00:01]} Ra8 {[%emt 0:00:04]} 28. Rb3 {[%emt 0:00:04]} h6 {[%emt 0:00:11]} 29. Bd3 {[%emt 0:00:01]} Qc8 {[%emt 0:00:06]} 30. Kg2 {[%emt 0:00:01]} Qe6 {[%emt 0:00:03]} 31. Nd2 {[%emt 0:00:01]} h5 {[%emt 0:00:05]} 32. Bc2 {[%emt 0:00:01]} h4 {[%emt 0:00:08]} 33. Rf3 {[%emt 0:00:02]} Nh5 {[%emt 0:00:05]} 34. Bb3 {[%emt 0:00:02]} Qc8 {[%emt 0:00:14]} 35. Rxf7 {[%emt 0:00:05]} Kh7 {[%emt 0:00:01]} 36. Rf5 {[%emt 0:00:01]} Nf6 {[%emt 0:00:31]} 37. Qe2 {[%emt 0:00:03]} Kh6 {[%emt 0:00:58]} 38. Qe3+ {[%emt 0:00:10]} Kh7 {[%emt 0:00:01]} 39. Qg5 {[%emt 0:00:03]} Ne7 {[%emt 0:00:05]} 40. Qxh4+ {[%emt 0:00:07]} 1-0

[Event "IND-ch Senior Open 2019"]
[Site "Mazitar"]
[Date "2019.12.10"]
[Round "1.18"]
[White "Harisurya Bharadwaj Gundepudi"]
[Black "Bakre, Tejas"]
[Result "1/2-1/2"]
[WhiteElo "1876"]
[BlackElo "2445"]
[Annotator "NA"]
[PlyCount "62"]
[EventDate "2018.12.08"]
[EventType "swiss"]
[EventRounds "11"]
[EventCountry "IND"]
[SourceTitle "playchess.com"]
[Source "ChessBase"]
[SourceQuality "1"]
[TimeControl "40/5400+30:1800+30"]

1. d4 {[%emt 0:00:00]} Nf6 {[%emt 0:00:01]} 2. Bf4 {[%emt 0:00:02]} d5 {[%emt 0:00:00]} 3. e3 {[%emt 0:00:01]} c5 {[%emt 0:00:00]} 4. c3 {[%emt 0:00:01]} e6 {[%emt 0:00:00]} 5. Nd2 {[%emt 0:00:03]} Bd6 {[%emt 0:00:02]} 6. Bg3 {[%emt 0:00:04]} Qc7 {[%emt 0:00:01]} 7. Ngf3 {[%emt 0:00:06]} Nbd7 {[%emt 0:00:01]} 8. Bd3 {[%emt 0:00:02]} O-O {[%emt 0:00:02]} 9. O-O {[%emt 0:00:00]} e5 {[%emt 0:00:02]} 10. dxe5 {[%emt 0:00:01]} Nxe5 {[%emt 0:00:01]} 11. Nxe5 {[%emt 0:00:02]} Bxe5 {[%emt 0:00:00]} 12. Bxe5 {[%emt 0:00:01]} Qxe5 {[%emt 0:00:03]} 13. Qf3 {[%emt 0:00:01]} Re8 {[%emt 0:00:01]} 14. Rfe1 {[%emt 0:00:02]} Ne4 {[%emt 0:00:03]} 15. Bxe4 {[%emt 0:00:03]} dxe4 {[%emt 0:00:00]} 16. Qf4 {[%emt 0:00:03]} b6 {[%emt 0:00:01]} 17. Nc4 {[%emt 0:00:02]} Qxf4 {[%emt 0:00:00]} 18. exf4 {[%emt 0:00:00]} Ba6 {[%emt 0:00:02]} 19. Ne3 {[%emt 0:00:03]} Rad8 {[%emt 0:00:01]} 20. Rad1 {[%emt 0:00:03]} Bd3 {[%emt 0:00:01]} 21. Rd2 {[%emt 0:00:02]} Rd7 {[%emt 0:00:02]} 22. Red1 {[%emt 0:00:02]} Red8 {[%emt 0:00:01]} 23. h3 {[%emt 0:00:02]} f6 {[%emt 0:00:00]} 24. Kh2 {[%emt 0:00:02]} Kf7 {[%emt 0:00:00]} 25. g4 {[%emt 0:00:02]} Ke6 {[%emt 0:00:00]} 26. Kg3 {[%emt 0:00:01]} g6 {[%emt 0:00:00]} 27. f5+ {[%emt 0:00:01]} Ke7 {[%emt 0:00:01]} 28. h4 {[%emt 0:00:02]} Kf7 {[%emt 0:00:00]} 29. Kf4 {[%emt 0:00:02]} Re7 {[%emt 0:00:01]} 30. Rh1 {[%emt 0:00:04]} Kg7 {[%emt 0:00:01]} 31. Rg1 {[%emt 0:00:02]} Kf8 {[%emt 0:00:01]} 1/2-1/2

[Event "IND-ch Senior Open 2019"]
[Site "Mazitar"]
[Date "2019.12.10"]
[Round "1.19"]
[White "Laxman, R.R."]
[Black "Ajay Kumar Rai"]
[Result "1-0"]
[WhiteElo "2444"]
[BlackElo "1871"]
[Annotator "NA"]
[PlyCount "79"]
[EventDate "2018.12.08"]
[EventType "swiss"]
[EventRounds "11"]
[EventCountry "IND"]
[SourceTitle "playchess.com"]
[Source "ChessBase"]
[SourceQuality "1"]
[TimeControl "40/5400+30:1800+30"]

1. d4 d5 2. Nf3 Nf6 3. c4 e6 4. g3 Bb4+ 5. Bd2 Be7 6. Bg2 O-O 7. O-O Nbd7 8. Qc2 Ne4 9. Bf4 c6 10. Ne5 f5 11. Nc3 g5 12. Nxd7 Bxd7 13. Be5 Be8 14. Nxe4 fxe4 15. f3 exf3 16. exf3 Bf6 17. Rae1 Bg6 18. Qc3 Bxe5 19. Rxe5 Rf5 20. Rxe6 Bf7 21. Re5 Rxe5 22. dxe5 dxc4 23. f4 gxf4 24. gxf4 Qd3 25. f5 Qxc3 26. bxc3 Bd5 27. Bxd5+ cxd5 28. e6 Re8 29. Rd1 Kg7 30. Rxd5 Kf6 31. Kf2 a6 32. a4 b6 33. Ke3 Rb8 34. Kf4 Rb7 35. Rd8 b5 36. axb5 axb5 37. h4 h5 38. Rg8 Rg7 39. Rxg7 Kxg7 40. Ke4 1-0

[Event "IND-ch Senior Open 2019"]
[Site "Mazitar"]
[Date "2019.12.10"]
[Round "1.21"]
[White "Akash G"]
[Black "Mohit Kumar Soni"]
[Result "1-0"]
[WhiteElo "2431"]
[BlackElo "1859"]
[Annotator "NA"]
[PlyCount "37"]
[EventDate "2018.12.08"]
[EventType "swiss"]
[EventRounds "11"]
[EventCountry "IND"]
[SourceTitle "playchess.com"]
[Source "ChessBase"]
[SourceQuality "1"]
[TimeControl "40/5400+30:1800+30"]

1. e4 {[%emt 0:00:00]} c5 {[%emt 0:00:01]} 2. Nf3 {[%emt 0:00:05]} e6 {[%emt 0:00:01]} 3. d4 {[%emt 0:00:05]} cxd4 {[%emt 0:00:00]} 4. Nxd4 {[%emt 0:00:01]} Bc5 {[%emt 0:00:01]} 5. Nb3 {[%emt 0:00:03]} Bb6 {[%emt 0:00:01]} 6. Nc3 {[%emt 0:00:04]} Ne7 {[%emt 0:00:03]} 7. Bc4 {[%emt 0:00:04]} O-O {[%emt 0:00:02]} 8. O-O {[%emt 0:00:04]} f5 {[%emt 0:00:01]} 9. Bf4 {[%emt 0:00:04]} fxe4 {[%emt 0:00:01]} 10. Bd6 {[%emt 0:00:17]} e3 {[%emt 0:00:00]} 11. fxe3 {[%emt 0:00:04]} Rxf1+ {[%emt 0:00:01]} 12. Qxf1 {[%emt 0:00:01]} Bxe3+ {[%emt 0:00:05]} 13. Kh1 {[%emt 0:00:01]} Nbc6 {[%emt 0:00:04]} 14. Qf3 {[%emt 0:00:01]} Bh6 {[%emt 0:00:04]} 15. Rf1 {[%emt 0:00:01]} b5 {[%emt 0:00:03]} 16. Nxb5 {[%emt 0:00:01]} Ba6 {[%emt 0:00:04]} 17. a4 {[%emt 0:00:02]} Kh8 {[%emt 0:00:01]} 18. Nc5 {[%emt 0:00:04]} Bc8 {[%emt 0:00:01]} 19. Bxe7 {[%emt 0:00:04]} 1-0

[Event "IND-ch Senior Open 2019"]
[Site "Mazitar"]
[Date "2019.12.11"]
[Round "2.1"]
[White "Varun, Vij"]
[Black "Gupta, Abhijeet"]
[Result "0-1"]
[WhiteElo "1964"]
[BlackElo "2611"]
[Annotator "TA"]
[PlyCount "48"]
[EventDate "2018.12.08"]
[EventType "swiss"]
[EventCountry "IND"]
[SourceTitle "playchess.com"]
[Source "ChessBase"]
[SourceQuality "1"]

{[%evp 21,48,8,10,4,14,5,0,-81,-79,-114,-116,-131,-140,-132,-138,-129,-131,-126,-128,-156,-124,-708,-706,-775,-1110,-1134,-1054,-29987,-29987]} 1. e4 c5 2. Nc3 Nc6 3. Bb5 Nd4 4. Nf3 e6 5. O-O a6 6. Bd3 Ne7 7. Nxd4 cxd4 8. Ne2 Nc6 9. c3 Bc5 10. b4 Ba7 11. a4 O-O 12. Bc2 {B30: Sicilian: 2...Nc6 3 Bb5, lines without ...g6} d5 13. Ba3 $146 ({Predecessor:} 13. b5 axb5 14. Ba3 b4 15. cxb4 Ne5 16. Bb2 Qg5 17. Nxd4 Nc4 18. Nf3 Qf4 19. Bc1 dxe4 {1-0 (29) Novoselski,Z (2355)-Milic,S (2215) Arandjelovac 1990}) 13... b5 14. Ng3 (14. exd5 $11 {remains equal.} Qxd5 15. Nf4) 14... Ne5 $1 $17 15. Qe2 Qh4 16. exd5 Ng4 $1 {[%csl Gg4][%cal Rh4h2]} 17. h3 {[#]} Nxf2 $1 18. Kh2 {[#]} d3 $1 {[%cal Rd3e2]} 19. Bxd3 Nxd3 20. Qxd3 Bb7 $40 {[%mdl 128] Black wants a kill.} 21. dxe6 $2 {[%mdl 8192]} (21. axb5 $17 axb5 22. d6) 21... Rad8 $19 22. exf7+ Rxf7 23. Nf5 {[#]} Qg5 $1 {[%csl Gb7][%cal Rg5g2][%mdl 512]} 24. Ne7+ Qxe7 {Accuracy: White = 23%, Black = 85%.} 0-1